Generaciones, entre palabras y miradas I Documentales realizados por alumnos de escuelas secundarias /
Cortos audiovisuales realizados por jóvenes de escuelas y organizaciones sociales en el marco del Programa Jóvenes y Memoria de la Comisión provincial por la Memoria. Cuenta con cinco producciones que dan cuenta de las violaciones a los derechos humanos en el pasado, pero además denuncian y reflexio...
Guardado en:
| Autores Corporativos: | , |
|---|---|
| Formato: | |
| Idioma: | Undetermined |
| Publicado: |
La Plata,
2011.
|
| Series: | Colección Jóvenes y memoria ;
6 |
| Materias: | |
| Acceso en línea: | https://www.comisionporlamemoria.org/jovenesymemoria/colecciones/vol-6/ |
| Etiquetas: |
Agregar Etiqueta
Sin Etiquetas, Sea el primero en etiquetar este registro!
|
| LEADER | 02452ngm a22003495a 4500 | ||
|---|---|---|---|
| 001 | CEM.cems019891 | ||
| 008 | 221212s2011####xx#---############vlund#d | ||
| 005 | 20221214202105.0 | ||
| 245 | 1 | 0 | |a Generaciones, entre palabras y miradas I |h [videograbación] : |b Documentales realizados por alumnos de escuelas secundarias / |c Programa Jóvenes y Memoria. Comisión provincial por la Memoria. |
| 260 | |a La Plata, |c 2011. | ||
| 300 | |a 15'. | ||
| 490 | 1 | |a Colección Jóvenes y memoria ; |v 6 | |
| 500 | |a DVD 1. Derechos humanos, Ayer y hoy. | ||
| 505 | 0 | |a 1. Rastros II -- 2. Florencio Varela: las huellas del pasado frescas en el presente -- 3. La hora del juego y el estudio -- 4. Gatillo navideño. Militancia y asesinato de Sonia -- 5. No matarás (una cuestión de Estado) parte II -- Extras: Cortometraje Conocemos y recordamos para el futuro -- Duración aproximada por cortometraje 15 minutos. Duración total aproximada: 80 minutos | |
| 520 | |a Cortos audiovisuales realizados por jóvenes de escuelas y organizaciones sociales en el marco del Programa Jóvenes y Memoria de la Comisión provincial por la Memoria. Cuenta con cinco producciones que dan cuenta de las violaciones a los derechos humanos en el pasado, pero además denuncian y reflexionan sobre continuidades y consecuencias en el presente a partir de sus propias experiencias. Las obras del DVD 1: "Derechos humanos, Ayer y hoy" fueron realizadas por estudiantes de la EEMN°211- Esteban Echeverría, EEMNº6 y ESBNº21- Florencio Varela, ESBN°58 - La Plata, Hernández, EES N° 4- Pilar, Del Viso y de la EEMN Agustín Tosco (UP 39)- Ituzaingo. | ||
| 538 | |a Soporte: DVD -- Formato: DVD -- Peso: 4,23gb -- Resolución: 720 x 576 -- 25fps - PAL | ||
| 500 | |a Hacia una pedagogía de la memoria -- Pasado reciente -- Modelos para armar II. | ||
| 590 | |a No funciona el corto No matarás (una cuestión de Estado) parte II | ||
| 110 | 2 | |a Programa Jóvenes y Memoria. | |
| 710 | 2 | |a Comisión Provincial por la memoria. | |
| 653 | |a ARGENTINA | ||
| 653 | |a HISTORIA | ||
| 653 | |a DICTADURA | ||
| 653 | |a JÓVENES Y MEMORIA | ||
| 653 | |a COMISIÓN POR LA MEMORIA | ||
| 653 | |a DESAPARECIDOS | ||
| 653 | |a TRIPLE A | ||
| 653 | |a TERRORISMO DE ESTADO | ||
| 653 | |a ESTUDIANTES | ||
| 653 | |a DERECHOS HUMANOS | ||
| 856 | |u https://www.comisionporlamemoria.org/jovenesymemoria/colecciones/vol-6/ | ||
| 859 | |a CEMS |b BIB. CEMS - Depto. Recursos Didacticos |h 982 |i JOV-2 |k DRD |p 2946.22 |t Ej.1 | ||
